[Event "Struga Lake Queen U18 op"]
[Site "Struga"]
[Date "2023.09.08"]
[Round "1"]
[White "Shtavica, Alaudin"]
[Black "Raftopoulou, Konstantina"]
[Result "1-0"]
[WhiteElo "1666"]
[BlackElo "1309"]
[PlyCount "135"]
[EventDate "2023.09.08"]
[EventType "swiss"]
[EventRounds "6"]
[EventCountry "MKD"]
[SourceTitle "EXT 2024"]
[Source "ChessBase"]
[SourceDate "2023.10.10"]
[SourceVersion "1"]
[SourceVersionDate "2023.10.10"]
[SourceQuality "1"]

1. e4 e6 2. d4 b6 3. Nc3 Bb7 4. Nf3 Bb4 5. Bd3 Nf6 6. Bg5 h6 7. Bh4 g5 8. Bg3 Bxe4 9. 0-0 Bb7 10. Nb5 Nd5 11. Be4 d6 12. a3 c6 13. Bxd5 Ba6 14. axb4 Bxb5 15. c4 cxd5 16. cxb5 f5 17. h3 f4 18. Bh2 Nd7 19. Qe2 Qe7 20. Rfe1 Kf7 21. Nd2 Nf6 22. Rac1 Rac8 23. Rc6 Rhe8 24. Rec1 Qd7 25. Nb1 e5 26. dxe5 dxe5 27. Qc2 Rxc6 28. Qxc6 Qxc6 29. bxc6 Rc8 30. b5 Ke7 31. Nc3 Kd6 32. f3 Ne8 33. Rd1 Nc7 34. Ra1 Ra8 35. Na4 Rc8 36. Nc3 Ra8 37. b4 a6 38. bxa6 Rxa6 39. Rxa6 Nxa6 40. b5 Nc7 41. Kf1 d4 42. Na4 Nxb5 43. Nxb6 Kxc6 44. Nc4 Kd5 45. Nd2 Nd6 46. Ke2 Ke6 47. Kd3 Kd5 48. Bg1 h5 49. Ne4 Nxe4 50. fxe4+ Ke6 51. Bf2 h4 52. Kc4 Kf6 53. Kd5 d3 54. Be1 g4 55. Kc4 f3 56. Kxd3 fxg2 57. Bxh4+ Ke6 58. Bf2 gxh3 59. Bg1 Kf6 60. Ke2 Ke6 61. Kf3 Kf6 62. Kg4 Kg6 63. Kxh3 Kg5 64. Be3+ Kh5 65. Kxg2 Kg4 66. Bd2 Kh4 67. Kf3 Kh5 68. Bc3 1-0

[Event "GRE-ch U20 Girls"]
[Site "Trikala"]
[Date "2023.04.21"]
[Round "6"]
[White "Raftopoulou, Konstantina"]
[Black "Christodoulou, Georgia"]
[Result "0-1"]
[WhiteElo "1304"]
[BlackElo "1575"]
[PlyCount "134"]
[EventDate "2023.04.18"]
[EventType "swiss"]
[EventRounds "9"]
[EventCountry "GRE"]
[SourceTitle "EXT 2024"]
[Source "ChessBase"]
[SourceDate "2023.10.10"]
[SourceVersion "1"]
[SourceVersionDate "2023.10.10"]
[SourceQuality "1"]

1. f4 Nf6 2. Nf3 d5 3. b3 Bf5 4. Bb2 e6 5. e3 Be7 6. Be2 Nbd7 7. 0-0 0-0 8. d3 c5 9. Ne5 Nxe5 10. fxe5 Nd7 11. Nd2 Bg5 12. Rf3 Qc7 13. d4 cxd4 14. exd4 Qxc2 15. Qxc2 Bxc2 16. Rc3 Rfc8 17. Nf3 Rxc3 18. Bxc3 Be3+ 19. Kf1 Rc8 20. Bd2 Bxd2 21. Nxd2 Bg6 22. h4 f6 23. exf6 gxf6 24. Bb5 Nb8 25. Ke2 Rc3 26. Kf1 a6 27. Be2 Nc6 28. Nf3 Be4 29. Rd1 Bxf3 30. Bxf3 Rc2 31. Rd3 Rxa2 32. Be2 Rb2 33. Bd1 Kf7 34. Bh5+ Kg7 35. Be8 Rc2 36. Bxc6 Rxc6 37. Kf2 a5 38. Kf3 b5 39. Kg4 a4 40. bxa4 bxa4 41. Kh5 Rc4 42. Rg3+ Kf7 43. Rd3 Rc2 44. Ra3 Rc4 45. Rd3 Rc7 46. Ra3 Ra7 47. Kh6 Kg8 48. Rg3+ Kf8 49. Ra3 e5 50. dxe5 fxe5 51. Kg5 Ke7 52. Kf5 Kd6 53. Kf6 e4 54. g3 d4 55. Kf5 e3 56. Ke4 Kc5 57. Kd3 Kb4 58. Ra1 a3 59. Rb1+ Kc5 60. Rc1+ Kd5 61. Ra1 a2 62. g4 Ra3+ 63. Kc2 d3+ 64. Kb2 Ra7 65. Kc3 Ke4 66. g5 d2 67. Kc2 Rc7+ 0-1

[Event "GRE-ch U18 Girls"]
[Site "Larisa"]
[Date "2023.01.02"]
[Round "1"]
[White "Platsaki, Evgenia Valeria"]
[Black "Raftopoulou, Konstantina"]
[Result "1-0"]
[WhiteElo "1632"]
[BlackElo "1312"]
[PlyCount "51"]
[EventDate "2023.01.02"]
[EventType "swiss"]
[EventRounds "9"]
[EventCountry "GRE"]
[SourceTitle "CBM 212 Extra"]
[Source "ChessBase"]
[SourceDate "2023.03.31"]
[SourceVersion "1"]
[SourceVersionDate "2023.03.31"]
[SourceQuality "1"]

1. d4 c5 2. d5 d6 3. c4 Nf6 4. Nc3 g6 5. e4 Bg7 6. f3 0-0 7. Be3 Na6 8. Qd2 Nd7 9. Nge2 Nc7 10. Ng3 a6 11. Bd3 Rb8 12. a4 b6 13. 0-0 Nf6 14. Rae1 Bd7 15. Kh1 b5 16. axb5 axb5 17. e5 dxe5 18. Bxc5 bxc4 19. Bxc4 Bb5 20. Nxb5 Nxb5 21. Rxe5 Nd7 22. Bxe7 Qc7 23. Re4 Rfe8 24. d6 Qb6 25. Bxf7+ Kxf7 26. Qd5# 1-0

[Event "GRE-ch U16 Girls"]
[Site "Thessaloniki"]
[Date "2022.08.23"]
[Round "8"]
[White "Raftopoulou, Konstantina"]
[Black "Tzakosta, Konstantina"]
[Result "1/2-1/2"]
[WhiteElo "1220"]
[BlackElo "1198"]
[PlyCount "104"]
[EventDate "2022.08.18"]
[EventType "swiss"]
[EventRounds "9"]
[EventCountry "GRE"]
[SourceTitle "EXT 2024"]
[Source "ChessBase"]
[SourceDate "2023.10.10"]
[SourceVersion "1"]
[SourceVersionDate "2023.10.10"]
[SourceQuality "1"]

1. Nf3 Nf6 2. c4 e6 3. d4 d5 4. g3 Be7 5. Bg2 0-0 6. 0-0 h6 7. Nc3 b6 8. Re1 Bb7 9. Qc2 c5 10. Bd2 cxd4 11. Nxd4 Bc5 12. Nf3 dxc4 13. Na4 Qc8 14. Rac1 b5 15. Nxc5 Qxc5 16. b3 Bd5 17. Qb2 Nbd7 18. bxc4 bxc4 19. Qd4 Qxd4 20. Nxd4 Bxg2 21. Kxg2 Rac8 22. Nb5 Nb6 23. a3 a6 24. Nc3 Nfd5 25. Ne4 Rc6 26. Rc2 f5 27. Nc3 Nxc3 28. Bxc3 Nd5 29. e4 Nxc3 30. Rxc3 Kf7 31. f4 Rd8 32. exf5 exf5 33. Rec1 Rdc8 34. Kf3 Kf6 35. Ke3 g5 36. fxg5+ hxg5 37. R1c2 Ke6 38. Rd2 Rc5 39. Rd4 Ra5 40. h4 gxh4 41. Rxh4 Ra4 42. Kf3 Rd8 43. Ke3 Rc8 44. Kf3 Rc5 45. Ke3 Rca5 46. Rhxc4 Rxc4 47. Rxc4 Rxa3+ 48. Kf2 a5 49. g4 fxg4 50. Rxg4 a4 51. Ke2 Ra1 52. Kd2 Ra2+ 1/2-1/2

[Event "GRE-ch U16 Girls"]
[Site "Thessaloniki"]
[Date "2022.08.22"]
[Round "7"]
[White "Kratimenou, Georgia"]
[Black "Raftopoulou, Konstantina"]
[Result "1/2-1/2"]
[WhiteElo "1494"]
[BlackElo "1220"]
[PlyCount "90"]
[EventDate "2022.08.18"]
[EventType "swiss"]
[EventRounds "9"]
[EventCountry "GRE"]
[SourceTitle "EXT 2024"]
[Source "ChessBase"]
[SourceDate "2023.10.10"]
[SourceVersion "1"]
[SourceVersionDate "2023.10.10"]
[SourceQuality "1"]

1. e4 d5 2. exd5 Nf6 3. Bb5+ Bd7 4. Be2 Nxd5 5. d4 Nc6 6. Nf3 g6 7. a3 Bg7 8. c4 Nb6 9. Nc3 Bg4 10. Be3 0-0 11. d5 Bxf3 12. gxf3 Ne5 13. Bxb6 cxb6 14. Rc1 Rc8 15. Ne4 Qc7 16. d6 exd6 17. Qxd6 Rfd8 18. Qxc7 Rxc7 19. 0-0 Nc6 20. Rfd1 Nd4 21. Kf1 Re8 22. Re1 Rce7 23. Nd6 Rd8 24. Ne4 f5 25. Nc3 Rc8 26. Nd5 Re6 27. Bd1 Rxe1+ 28. Kxe1 Re8+ 29. Kf1 Ne6 30. Ba4 Rd8 31. b4 Kf7 32. Re1 Rd6 33. Re3 Bh6 34. Rd3 Nf4 35. Nxf4 Bxf4 36. Rxd6 Bxd6 37. h3 a5 38. Bd7 axb4 39. axb4 Bxb4 40. Bc8 Kf6 41. Bxb7 Kg5 42. Kg2 Kf4 43. Bd5 h6 44. Bf7 g5 45. Bd5 Bc5 1/2-1/2

[Event "GRE-ch U16 Girls"]
[Site "Thessaloniki"]
[Date "2022.08.21"]
[Round "5"]
[White "Raftopoulou, Konstantina"]
[Black "Kaliontzaki, Argyro Evanthia"]
[Result "0-1"]
[WhiteElo "1220"]
[BlackElo "1395"]
[PlyCount "90"]
[EventDate "2022.08.18"]
[EventType "swiss"]
[EventRounds "9"]
[EventCountry "GRE"]
[SourceTitle "EXT 2024"]
[Source "ChessBase"]
[SourceDate "2023.10.10"]
[SourceVersion "1"]
[SourceVersionDate "2023.10.10"]
[SourceQuality "1"]

1. Nf3 Nf6 2. c4 g6 3. g3 Bg7 4. Bg2 0-0 5. 0-0 d6 6. d4 Nbd7 7. Nc3 e5 8. Qc2 c6 9. Rd1 Qe7 10. b3 e4 11. Ng5 d5 12. cxd5 cxd5 13. Nb5 Ng4 14. h3 e3 15. hxg4 Qxg5 16. Bxe3 Qxg4 17. Bxd5 Nf6 18. Bf3 Qh3 19. Nd6 Rb8 20. Qc7 Bg4 21. Bxb7 Bxe2 22. Bg2 Qh5 23. Rd2 Bf3 24. Re1 Rbd8 25. Qc5 Qg4 26. Bf4 Nd5 27. Be5 f6 28. Rd3 Bxg2 29. Kxg2 Nb6 30. Bf4 g5 31. Bd2 Qd7 32. Bb4 f5 33. a4 Rf6 34. Nc4 Nd5 35. Ne5 Qb7 36. Kg1 Qxb4 37. Qc1 h6 38. Red1 Qd6 39. Nc4 Qd7 40. Ne5 Qb7 41. Qd2 Rb6 42. Qa2 Nb4 43. Qd2 Bxe5 44. Qe3 Nxd3 45. Rxd3 Bg7 0-1

[Event "GRE-ch U16 Girls"]
[Site "Thessaloniki"]
[Date "2022.08.18"]
[Round "1"]
[White "Athanasiou, Soumela"]
[Black "Raftopoulou, Konstantina"]
[Result "1-0"]
[WhiteElo "1392"]
[BlackElo "1220"]
[PlyCount "57"]
[EventDate "2022.08.18"]
[EventType "swiss"]
[EventRounds "9"]
[EventCountry "GRE"]
[SourceTitle "EXT 2024"]
[Source "ChessBase"]
[SourceDate "2023.10.10"]
[SourceVersion "1"]
[SourceVersionDate "2023.10.10"]
[SourceQuality "1"]

1. c4 f5 2. Nc3 Nf6 3. g3 e6 4. Bg2 d5 5. d4 c6 6. Nf3 Bd6 7. 0-0 0-0 8. c5 Bc7 9. b4 Ne4 10. Qc2 Nd7 11. a4 b6 12. cxb6 axb6 13. Ba3 Rf7 14. Rfc1 c5 15. bxc5 bxc5 16. dxc5 Ndxc5 17. Nb5 Bb6 18. Ne5 Rb7 19. Bxc5 Nxc5 20. a5 Bc7 21. Nc6 Qe8 22. Qxc5 Bd8 23. Nd6 Qd7 24. Nxb7 Bxb7 25. Nxd8 Qxd8 26. Qc7 Ba6 27. Qxd8+ Rxd8 28. Rc6 Bc8 29. a6 1-0

[Event "GRE-chT Online Rapid (Women) 1st"]
[Site "Tornelo INT"]
[Date "2021.02.21"]
[Round "5.8"]
[White "Sarafoglou, Maria"]
[Black "Raftopoulou, Konstantina"]
[Result "1/2-1/2"]
[WhiteElo "1339"]
[BlackElo "1174"]
[PlyCount "133"]
[EventDate "2021.02.20"]
[EventType "team-swiss (rapid)"]
[EventRounds "9"]
[EventCountry "GRE"]
[SourceTitle "EXT 2023"]
[Source "ChessBase"]
[SourceDate "2022.10.05"]
[SourceVersion "1"]
[SourceVersionDate "2022.10.05"]
[SourceQuality "1"]

1. d4 d5 2. Nf3 e6 3. e3 Bd6 4. c4 c6 5. Nc3 f5 6. Be2 Nf6 7. cxd5 exd5 8. 0-0 0-0 9. a3 Ne4 10. Nxe4 fxe4 11. Ne5 Nd7 12. Nxd7 Bxd7 13. Bg4 Bxh2+ 14. Kh1 Bd6 15. g3 Rf6 16. Kg2 Rh6 17. f4 exf3+ 18. Qxf3 Qe7 19. Bxd7 Qxd7 20. Qf5 Rd8 21. e4 Qxf5 22. exf5 Rf6 23. Bg5 Be7 24. Bxf6 Bxf6 25. Rf4 Re8 26. Kf3 h5 27. Kf2 Kf7 28. Re1 Rg8 29. Kg2 g6 30. fxg6+ Rxg6 31. Kh3 Kg7 32. Rf5 Kh6 33. Rf4 Kh7 34. Ref1 Kg7 35. Rf5 Bxd4 36. Rxh5 Bxb2 37. a4 Ba3 38. g4 Be7 39. Rhf5 Rh6+ 40. Kg2 Rf6 41. g5 Rxf5 42. Rxf5 Kg6 43. Re5 Bxg5 44. Kf3 Kf6 45. Re8 a6 46. Rb8 b5 47. a5 Bd2 48. Rb6 Bxa5 49. Rxc6+ Ke5 50. Rxa6 Bc3 51. Rb6 b4 52. Rb5 Kd4 53. Ke2 Kc4 54. Rb8 d4 55. Rc8+ Kb3 56. Kd3 Kb2 57. Rb8 b3 58. Kc4 Kc2 59. Rxb3 Kd2 60. Rb8 Kc2 61. Rd8 Kd2 62. Rg8 Ke3 63. Rg3+ Kd2 64. Kb3 Ke2 65. Kc2 Kf2 66. Rd3 Ke2 67. Rh3 1/2-1/2

[Event "GRE-chT Online Rapid (Women) 1st"]
[Site "Tornelo INT"]
[Date "2021.02.20"]
[Round "2.11"]
[White "Raftopoulou, Konstantina"]
[Black "Patriki, Alexandra"]
[Result "1-0"]
[WhiteElo "1174"]
[BlackElo "1386"]
[PlyCount "159"]
[EventDate "2021.02.20"]
[EventType "team-swiss (rapid)"]
[EventRounds "9"]
[EventCountry "GRE"]
[SourceTitle "EXT 2023"]
[Source "ChessBase"]
[SourceDate "2022.10.05"]
[SourceVersion "1"]
[SourceVersionDate "2022.10.05"]
[SourceQuality "1"]

1. b3 d5 2. e3 Bf5 3. Bb2 e6 4. f4 Nd7 5. Nf3 h6 6. Be2 Ngf6 7. 0-0 Be7 8. d3 0-0 9. Ne5 c5 10. Nd2 Nb6 11. c4 dxc4 12. dxc4 Qc7 13. Ndf3 Rad8 14. Qc1 Ne4 15. Rd1 Rxd1+ 16. Qxd1 f6 17. Nd3 Rd8 18. Qe1 Ng3 19. Rd1 Nxe2+ 20. Qxe2 Bxd3 21. Rxd3 Nc8 22. Qd2 Nd6 23. Qd1 Qc6 24. Ba3 Qb6 25. Qc2 Nf5 26. e4 Nd6 27. e5 Nf5 28. exf6 gxf6 29. Rxd8+ Qxd8 30. Bb2 Qd6 31. g3 Kg7 32. Qe2 b6 33. Ne1 Nd4 34. Qg4+ Kh7 35. Ng2 f5 36. Qh5 Bf6 37. Qf7+ Bg7 38. Nh4 Ne2+ 39. Kf2 Nd4 40. Qxa7 e5 41. Qf7 Qf6 42. Qxf6 Bxf6 43. fxe5 Bxe5 44. Bxd4 cxd4 45. Nxf5 Kg6 46. Nh4+ Kf6 47. Nf3 Kf5 48. Ke2 Bg7 49. Kd3 h5 50. a4 Kg4 51. Ng1 Be5 52. b4 Kf5 53. a5 bxa5 54. bxa5 Bb8 55. a6 Ke6 56. Kxd4 Kd6 57. Ke4 Kc6 58. Nf3 Kb6 59. Kf5 Kxa6 60. Kg5 Kb6 61. Kxh5 Kc5 62. g4 Kxc4 63. g5 Bd6 64. g6 Bf8 65. h4 Kd5 66. Kg5 Ke6 67. h5 Bg7 68. h6 Ba1 69. g7 Kf7 70. g8Q+ Kxg8 71. Kg6 Kf8 72. Ng5 Ke8 73. Nh7 Ke7 74. Ng5 Kf8 75. h7 Ke7 76. Kh6 Kf8 77. Ne6+ Ke7 78. Ng7 Kf7 79. h8Q Bxg7+ 80. Qxg7+ 1-0

[Event "GRE-ch Online Blitz (Women) 1st"]
[Site "Tornelo INT"]
[Date "2021.02.07"]
[Round "14"]
[White "Raftopoulou, Konstantina"]
[Black "Tripolitaki, Eirini"]
[Result "1-0"]
[WhiteElo "1174"]
[BlackElo "1056"]
[PlyCount "83"]
[EventDate "2021.02.07"]
[EventType "swiss (blitz)"]
[EventRounds "16"]
[EventCountry "GRE"]
[SourceTitle "EXT 2023"]
[Source "ChessBase"]
[SourceDate "2022.10.05"]
[SourceVersion "1"]
[SourceVersionDate "2022.10.05"]
[SourceQuality "1"]

1. b3 e5 2. Bb2 Nc6 3. e3 Bc5 4. Bb5 Nf6 5. Bxc6 bxc6 6. Bxe5 d6 7. Bb2 Bf5 8. d3 0-0 9. Nf3 Bg4 10. Nbd2 Bb4 11. c3 Bc5 12. d4 Bb6 13. 0-0 d5 14. Qc2 Qd6 15. Ne5 Ne4 16. Nxe4 dxe4 17. Nxg4 f5 18. Ne5 c5 19. Nc4 Qf6 20. dxc5 Bxc5 21. Rae1 Qg5 22. Ne5 Bd6 23. Nc6 Qh5 24. g3 Rf6 25. Qe2 Qh3 26. f3 Rh6 27. Qg2 Qh5 28. f4 g5 29. fxg5 Qxg5 30. Nd4 f4 31. exf4 Qh5 32. Rxe4 Bc5 33. Re5 Qg4 34. Rg5+ Qxg5 35. fxg5 Rg6 36. Qd5+ Kh8 37. Qxa8+ Rg8 38. Rf8 Rxf8 39. Qd5 Rf7 40. Qxf7 Bxd4+ 41. cxd4 h6 42. d5# 1-0

[Event "GRE-ch Online Rapid (Women) 1st"]
[Site "Tornelo INT"]
[Date "2021.02.06"]
[Round "5"]
[White "Christodoulou, Georgia"]
[Black "Raftopoulou, Konstantina"]
[Result "0-1"]
[WhiteElo "1152"]
[BlackElo "1213"]
[PlyCount "66"]
[EventDate "2021.02.06"]
[EventType "swiss (rapid)"]
[EventRounds "8"]
[EventCountry "GRE"]
[SourceTitle "EXT 2023"]
[Source "ChessBase"]
[SourceDate "2022.10.05"]
[SourceVersion "1"]
[SourceVersionDate "2022.10.05"]
[SourceQuality "1"]

1. e4 d5 2. exd5 Nf6 3. Nc3 Nxd5 4. Nxd5 Qxd5 5. Nf3 Bg4 6. Be2 Nc6 7. 0-0 0-0-0 8. h3 Bh5 9. d3 e6 10. Be3 Be7 11. a4 Bf6 12. Qb1 h6 13. c4 Qd6 14. Ra3 Qb4 15. Ra2 Rd7 16. Bd2 Qd6 17. Ra3 Rhd8 18. b4 a5 19. Rb3 axb4 20. Bxb4 Nxb4 21. Rxb4 Qa6 22. Rc1 Rd6 23. Rc2 Rb6 24. Rxb6 Qxb6 25. Qxb6 cxb6 26. Ne1 Bxe2 27. Rxe2 Kc7 28. Re3 Ra8 29. Nc2 Rxa4 30. Re1 Ra2 31. Nb4 Rb2 32. Nd5+ exd5 33. cxd5 Kd6 0-1

[Event "GRE-ch Online Rapid (Women) 1st"]
[Site "Tornelo INT"]
[Date "2021.02.06"]
[Round "6"]
[White "Raftopoulou, Konstantina"]
[Black "Kalogeridou, Ioanna"]
[Result "0-1"]
[WhiteElo "1213"]
[BlackElo "1294"]
[PlyCount "118"]
[EventDate "2021.02.06"]
[EventType "swiss (rapid)"]
[EventRounds "8"]
[EventCountry "GRE"]
[SourceTitle "EXT 2023"]
[Source "ChessBase"]
[SourceDate "2022.10.05"]
[SourceVersion "1"]
[SourceVersionDate "2022.10.05"]
[SourceQuality "1"]

1. b3 d5 2. e3 Bf5 3. Bb2 e6 4. f4 Nf6 5. Be2 Be7 6. Nf3 0-0 7. 0-0 c5 8. Ne5 Nbd7 9. d3 h6 10. Nd2 Qc7 11. Ndf3 Ng4 12. Nxg4 Bxg4 13. Ne5 Bxe2 14. Qxe2 f6 15. Nxd7 Qxd7 16. c4 d4 17. exd4 cxd4 18. Rae1 Kf7 19. Qh5+ Kg8 20. Rf3 f5 21. Rg3 Rf6 22. Rg6 Qe8 23. Rxg7+ Kxg7 24. Qxe8 Rxe8 25. Bxd4 Kf7 26. Bxf6 Bxf6 27. g3 e5 28. fxe5 Rxe5 29. Rxe5 Bxe5 30. Kf2 Ke6 31. Ke3 Bd6 32. d4 b6 33. Kf3 h5 34. a4 a5 35. Ke3 Kf6 36. Kf3 Kg5 37. h3 h4 38. gxh4+ Kxh4 39. Kg2 f4 40. Kf3 Kxh3 41. c5 bxc5 42. dxc5 Bc7 43. c6 Kh4 44. Kf2 Kg4 45. Kg2 f3+ 46. Kf2 Bb6+ 47. Kf1 Kg3 48. c7 Bxc7 49. Kg1 Bb6+ 50. Kf1 f2 51. b4 axb4 52. a5 Bxa5 53. Ke2 Kg2 54. Kd1 f1Q+ 55. Kc2 Qc4+ 56. Kb2 Qc3+ 57. Ka2 b3+ 58. Ka3 b2+ 59. Ka4 Qb4# 0-1

[Event "GRE-ch Online Rapid (Women) 1st"]
[Site "Tornelo INT"]
[Date "2021.02.06"]
[Round "2"]
[White "Raftopoulou, Konstantina"]
[Black "Kapnaki, Charikleia"]
[Result "1-0"]
[WhiteElo "1213"]
[BlackElo "1121"]
[PlyCount "139"]
[EventDate "2021.02.06"]
[EventType "swiss (rapid)"]
[EventRounds "8"]
[EventCountry "GRE"]
[SourceTitle "EXT 2023"]
[Source "ChessBase"]
[SourceDate "2022.10.05"]
[SourceVersion "1"]
[SourceVersionDate "2022.10.05"]
[SourceQuality "1"]

1. b3 d5 2. e3 Nf6 3. Bb2 e6 4. f4 Nbd7 5. Nf3 Bd6 6. Be2 c6 7. 0-0 0-0 8. Ne5 Bxe5 9. Bxe5 Nxe5 10. fxe5 Ne4 11. d3 Nc5 12. Nd2 b6 13. d4 Nd7 14. Bd3 Bb7 15. Rf3 Rc8 16. Bxh7+ Kxh7 17. Rh3+ Kg8 18. Qh5 f6 19. Qh7+ Kf7 20. Rg3 Rg8 21. Qg6+ Kf8 22. Nf3 c5 23. Nh4 cxd4 24. exd4 fxe5 25. Qh5 exd4 26. Ng6+ Ke8 27. Re1 Rc6 28. Ne5+ Kf8 29. Nxc6 Bxc6 30. Rxe6 Nf6 31. Qg6 Bd7 32. Re1 Ne4 33. Rf3+ Nf6 34. Qd3 Qc8 35. Qxd4 Qc5 36. Qxc5+ bxc5 37. Re5 Kf7 38. Rxd5 Be6 39. Rxc5 Rd8 40. Rc7+ Kg6 41. Rg3+ Kf5 42. Rc5+ Bd5 43. Rxg7 Re8 44. Kf1 Ke4 45. Rg5 a6 46. Ra5 Re6 47. Ra4+ Bc4+ 48. Rxc4+ Ke3 49. Rg3+ Kd2 50. Rd3+ Kc1 51. Rcd4 Kxc2 52. Rd2+ Kc1 53. Re2 Rxe2 54. Kxe2 Kb2 55. Rd2+ Ka3 56. Kf3 Ne8 57. g4 Nc7 58. h4 Ne6 59. g5 Ng7 60. Kg4 a5 61. h5 a4 62. bxa4 Kxa4 63. h6 Ne6 64. Kf5 Nf8 65. g6 Kb5 66. g7 Nh7 67. g8Q Kc5 68. Qc8+ Kb5 69. Rb2+ Ka4 70. Qa8# 1-0

[Event "GRE-ch Online Rapid (Women) 1st"]
[Site "Tornelo INT"]
[Date "2021.02.06"]
[Round "3"]
[White "Siskou, Evangelia"]
[Black "Raftopoulou, Konstantina"]
[Result "1-0"]
[WhiteElo "1134"]
[BlackElo "1213"]
[PlyCount "87"]
[EventDate "2021.02.06"]
[EventType "swiss (rapid)"]
[EventRounds "8"]
[EventCountry "GRE"]
[SourceTitle "EXT 2023"]
[Source "ChessBase"]
[SourceDate "2022.10.05"]
[SourceVersion "1"]
[SourceVersionDate "2022.10.05"]
[SourceQuality "1"]

1. e4 d5 2. exd5 Nf6 3. Nc3 Nxd5 4. d4 Nxc3 5. bxc3 Nc6 6. Bb5 Bd7 7. Nf3 a6 8. Ba4 e6 9. 0-0 Bd6 10. c4 0-0 11. Bb2 Na5 12. Bxd7 Qxd7 13. Qd3 h6 14. d5 exd5 15. Qc3 Qg4 16. Qxa5 Qxc4 17. Qc3 Qxc3 18. Bxc3 Rfe8 19. Rfe1 Rab8 20. Rab1 b5 21. g3 c5 22. Be5 Bxe5 23. Nxe5 c4 24. Nd7 Rbd8 25. Nb6 d4 26. a4 d3 27. cxd3 cxd3 28. Rxe8+ Rxe8 29. Rd1 Rd8 30. Kf1 Rd6 31. Nc8 Rd8 32. Ne7+ Kf8 33. Nc6 Rd6 34. axb5 axb5 35. Nb4 Ke7 36. Nxd3 Kf6 37. Ke2 Re6+ 38. Kf3 Rd6 39. h4 h5 40. Ke4 Re6+ 41. Kd5 Ke7 42. Kc5 Rf6 43. Nf4 Rf5+ 44. Kc6 1-0